000 03364nam a2200385 a 4500
001 ebr10535703
003 CaPaEBR
006 m u
007 cr cn|||||||||
008 111222s2012 dcua sb 000 0 eng d
010 _z 2011052837
020 _z9780821394809 (alk. paper)
020 _z9780821394816 (e-book)
040 _aCaPaEBR
_cCaPaEBR
035 _a(OCoLC)785785351
043 _af-lb---
050 1 4 _aHD3872.L53
_bD38 2012eb
082 0 4 _a338.8/7
_223
245 0 0 _aDeveloping public-private partnerships in Liberia
_h[electronic resource] /
_cZachary Kaplan ... [et al.].
260 _aWashington, D.C. :
_bWorld Bank,
_cc2012.
300 _aix, 76 p. :
_bill.
490 1 _aWorld Bank studies
504 _aIncludes bibliographical references.
505 0 _aExperience in PPP transactions and natural resource concessions in Liberia since 2003 -- Some trends in PPP experience in post-conflict countries -- Liberia's PPP experience -- Freeport of Monrovia experience-- LEC-MHI management contract -- Buchanan renewables IPP -- Solid waste contracts for Monrovia -- Natural resource concession in Liberia -- Themes useful in PPP project structuring based on experiences and lessons learned -- Phased risk-based approach preference from private sector towards the development of PPPs -- Preference by the private sector for remuneration by user charges -- Need to address low capacity to develop, monitor and evaluate -- Avoid additional missed opportunities for joint infrastructure development by natural resource concessionaires -- Establish clear principles for selecting and prioritizing PPPs in Liberia -- Deepening PPP development through legal and institutional reform -- Overview of legal and institutional enabling environment -- Weaknesses to the legal and institutional enabling environment detailed -- Problems with definitions of PPP and natural resource concession -- Unclear institutional roles and responsibilities -- Incomplete PPP and concession legal framework -- The PPCA -- The proposed NBC Act -- Legislative and institutional options to deepen the links between natural resource concessions, and PPPs and expand PPP development -- Recommendations for implementing strengthened PPP framework -- Recommendations for additional framework support -- Generating the next set of PPP transactions in Liberia -- The PPP short list -- Buchanan and Greenville Ports -- HFO facilities at Freeport -- Power projects -- Mt. Coffee -- Mini-grid power PPPs -- Projects that are tied to natural resource concessions -- Power as spin-offs from mining concessions -- Road works as spin-offs in forestry concessions -- "Long-list" of PPP transactions -- Next steps in pipeline development.
533 _aElectronic reproduction.
_bPalo Alto, Calif. :
_cebrary,
_d2013.
_nAvailable via World Wide Web.
_nAccess may be limited to ebrary affiliated libraries.
650 0 _aPublic-private sector cooperation
_zLiberia.
650 0 _aConcessions
_zLiberia.
650 0 _aInfrastructure (Economics)
_zLiberia.
651 0 _aLiberia
_xEconomic policy.
655 7 _aElectronic books.
_2local
700 1 _aKaplan, Zachary.
710 2 _aebrary, Inc.
830 0 _aWorld Bank studies.
856 4 0 _uhttp://site.ebrary.com/lib/rucke/Doc?id=10535703
_zAn electronic book accessible through the World Wide Web; click to view
999 _c132882
_d132882